2010's Hip-Hop/Rap - Statistics

General Stats
  • This quiz has been taken 1,884 times
  • The average score is 13 of 20
Answer Stats
Question Answer % Correct
Whose album, Flower Boy, was nominated for a Grammy in 2018? Tyler, the Creator
91%
The album Rodeo was recorded by which rapper? Travis Scott
86%
How old was XXXTentacion when he was killed in 2018? 20
84%
Who released the album Kamikaze in 2018? Eminem
83%
Whose hit song "Suge" shot him to fame in 2019? DaBaby
82%
Which artist had a hit single "Mo Bamba?" Sheck Wes
80%
Which arist is known for 2011's "Love Sosa?" Chief Keef
78%
Which trio is known for their "Culture" albums? Migos
78%
Kanye West paired up with which artist to release 2018's Kids See Ghosts? Kid Cudi
76%
Which landmark album featured the songs "LUST.", "PRIDE", and "DUCKWORTH?" DAMN.
74%
Lil Pump claims he dropped out from which elite university? Harvard
72%
Which artist died in 2018 shortly after releasing the album Swimming? Mac Miller
71%
Drake got into a major beef with which rapper in 2018? Pusha-T
58%
Which rapper was arrested in Sweden in July 2019? A$AP Rocky
53%
Which Detorit rapper scored hits with "Bounce Back" and "Moves?" Big Sean
47%
Which artist and mogul started the streaming service Tidal? Jay-Z
46%
Which artist collaborated with Young Thug on Super Slimey? Future
44%
In which western state did Kanye West debut his 2018 album, ye? Wyoming
44%
Which song topped the hip-hop Billboard charts in 2016? One Dance
34%
Who was the first artist to win Best Rap Album at the Grammys without being signed to a label? Chance the Rapper
28%
No matching quizzes found
Score Distribution
Percent of People with Each Score
Percentile by Number Answered
Your Score History
You have not taken this quiz